000 00825nam0a22002531 4500
001 rc\2776289
005 20250806204824.0
035 _a(NLR Aleph) 006902577
090 _a31608
_c31608
100 _a20110915d1941 u y0rusy50 ca
101 0 _arus
102 _aRU
105 _aa z |||||
200 1 _aУстав гарнизонной службы Красной Армии
210 _aВоронеж
_cВоронежск. обл. кн-во
_d1941
215 _a134, [6] с.
_cил.
_d16 см.
740 1 _aСССР
_tВоенные уставы и наставления
_3RU\NLR\AUTH\8810020873
801 0 _aRU
_bNLR
_gpsbo
801 1 _aRU
_bELAR
_2rusmarc
852 _aNLR
_jВ40 Г-1/62
942 _cBOOK
945 _aРоссийская национальная библиотека
980 _aNB
980 _aBV